METODO PRACTICO PARA LA CONTABILIDAD DE COSTOS DE : (Registro nro. 21345)
[ vista simple ]
| 000 -LEADER | |
|---|---|
| fixed length control field | 00507nam a2200145 a 4500 |
| 001 - CONTROL NUMBER | |
| control field | 21345 |
| 005 - DATE AND TIME OF LATEST TRANSACTION | |
| control field | 20180713215053.0 |
| 008 - FIXED-LENGTH DATA ELEMENTS--GENERAL INFORMATION | |
| fixed length control field | 140415s1975 000 0 spa d |
| 041 ## - LANGUAGE CODE | |
| Language code of text/sound track or separate title | spa |
| 082 ## - DEWEY DECIMAL CLASSIFICATION NUMBER | |
| Classification number | 657.869 |
| Item number | VIL |
| 100 1# - MAIN ENTRY--PERSONAL NAME | |
| Personal name | VILLEGAS MORA, XAVIER |
| 245 10 - TITLE STATEMENT | |
| Title | METODO PRACTICO PARA LA CONTABILIDAD DE COSTOS DE : |
| Remainder of title | CONSTRUCCION: CAMINOS, OBRAS PORTUARIAS, EDIFICIOS, ETC. |
| 260 ## - PUBLICATION, DISTRIBUTION, ETC. | |
| Place of publication, distribution, etc. | [s.l.] : |
| Name of publisher, distributor, etc. | COMPAÑIA EDITORIAL CONTINENTAL, |
| Date of publication, distribution, etc. | 1975 |
| 650 14 - SUBJECT ADDED ENTRY--TOPICAL TERM | |
| Topical term or geographic name entry element | CONTABILIDAD DE COSTOS |
| General subdivision | CONSTRUCCION |
| Withdrawn status | Lost status | Source of classification or shelving scheme | Damaged status | Not for loan | Collection code | Home library | Current library | Shelving location | Date acquired | Source of acquisition | Inventory number | Total Checkouts | Total Renewals | Full call number | Barcode | Date last seen | Date last checked out | Price effective from | Koha item type |
|---|---|---|---|---|---|---|---|---|---|---|---|---|---|---|---|---|---|---|---|
| Dewey Decimal Classification | General | Biblioteca Karol Wojtyla | Biblioteca Karol Wojtyla | Sala general | 03/12/2013 | Compra | 151000000000000000020647 | 2 | 1 | 657.869 VIL | 41605 | 05/01/2026 | 12/11/2022 | 03/12/2013 | Libro |